000 00749cab a2200241 4500
001 WB2912-07
008 090401t1993 xxu||||| |||| 00| 0 eng d
035 _a(Sirsi) u27793
041 _aeng
100 _aMinogue, A.
245 _aRetention monies
260 _c1993
350 _a0
490 _aCSW - The Property Week
_v42(12) 25 March 1993, 59(1)
520 _aDiscusses the success of attempts to deduct money held during the course of a contract under the provisions of JCT 80.
650 _aCONTRACT TERMS
650 _aJCT STANDARD FORM OF BUILDING CONTRACT (1980 EDITION)
650 _aRETENTION MONIES
690 _aBUILT ENVIRONMENT-BUILDING CONTRACT FORMS
700 _aLamden, B.
942 _n0
948 _c04/03/1997
999 _c18724
_d18724